00462nam a22001097a 4500003000400000082001700004100001100021245023200032260002500264300000800289650005500297SGT a617.84bC21P aPANKAJ aComparing The Effect Of Respiratory Proprioceptive Neuronuscular Facilitation Versus Segmental Breathing On Pulmonary Functions Dyspnea And Exercise Tolerance In Hospitalized Patients With Chronic Obstructive Pulmonary Disease aSGT UNIVERSITYc2021 a102 aComparing The Effect Of Respiratory Proprioceptive